000 00782nam a2200253 a 4500
001 67843
003 BD-RjUL
005 20211209081711.0
008 170329s1962 nyua |||||||||||| ||eng|
035 _a(BD-RjUL)68052
040 _aDLC
_cCarP
_dBD-RjUL
_beng
041 _aeng
082 _223
_a543.5
_bPRO 1962
245 0 0 _aProgress in infrared spectroscopy /
_cedited by Herman A. Szymanski
260 _aNew York :
_bPlenum Press,
_cc1962.
300 _av. :
_bill. ;
_c24 cm.
505 1 _aVol. 1---
650 0 _aSpectrum analysis
_vCongresses.
_9201122
650 0 _aInfrared spectra
_vCongresses.
_9201123
700 _aSzymanski, Herman A.
_9201124
710 2 _aInfrared Spectroscopy Institute. [from old catalog]
_9201125
942 _2ddc
_cBK
999 _c67843
_d67843